[Event "BCF-chT 96/97"]
[Site "England"]
[Date "1997.??.??"]
[Round "7"]
[White "King, Daniel J"]
[Black "Rogers, Ian"]
[Result "1/2-1/2"]
[WhiteElo "2535"]
[BlackElo "2600"]

1.g3 d5 2.Nf3 c6 3.Bg2 Bg4 4.O-O Nd7 5.d4 Ngf6 6.Nbd2 e6 7.c4 Be7 8.b3 O-O
9.Bb2 a5 10.a3 Qb6 11.Re1 Rfd8 12.c5 Qc7 13.b4 b6 14.Qc2 Bf5 15.Qc3 h6 16.Rec1 Rdb8
17.Ne1 Qb7 18.cxb6 Nxb6 19.Qxc6 Qxc6 20.Rxc6 Na4 21.Bc1 axb4 22.axb4 Bxb4
23.Ndf3 Nc3 24.Rxa8 Rxa8 25.Bf1 Ra2 26.Nd3 Ba5 27.Nde5 Nxe2+ 28.Bxe2 Rxe2
29.Rc8+ Kh7 30.Nxf7 g5 31.h4 Be4 32.N3xg5+ hxg5 33.Nxg5+ Kg6 34.f3 Bd3 35.Rc6 Be1
36.Nxe6 Bxg3 37.Nf4+ Bxf4 38.Bxf4 Re1+ 39.Kf2 Re2+ 40.Kg1 Kf7 41.Be5 Nd7
42.Bg3 Bf5 43.Rd6 Nf6 44.Be5 Be6 45.Kf1 Rb2 46.Ke1 Nd7 47.Ra6 Nxe5 48.dxe5 Rh2
49.f4 Bg4 50.Rd6 Bf3 51.Kf1 Rxh4 52.Rf6+ Ke7 53.Kf2 Be4 54.Ke3 Rh3+ 55.Kd4 Rd3+
56.Kc5 Rc3+ 57.Kd4 Rc4+ 58.Ke3 Bc2 59.Rd6 Re4+ 60.Kf3 Bb3 61.Kg4 Re1 62.Kf3 Bc4
63.Rc6 Rf1+ 64.Ke3 Rd1 65.Rd6 Rd3+ 66.Kf2 Ra3 67.f5 Ra6 68.Rxa6 Bxa6 69.Ke3 Bf1
70.Kd4 Bg2 71.Kc5 Bf3 72.Kd4 Be4 73.Kc5 Kd7 74.Kd4 Kc6 75.f6 Kd7 76.f7 Ke7  1/2-1/2

[Event "BCF-chT 96/97"]
[Site "England"]
[Date "1997.??.??"]
[Round "10"]
[White "Haydon, Richard"]
[Black "Chandler, Murray G"]
[Result "0-1"]
[WhiteElo "2220"]
[BlackElo "2550"]

1.Nf3 d5 2.g3 Nf6 3.Bg2 Bf5 4.b3 e6 5.Bb2 Be7 6.O-O O-O 7.d3 h6 8.Nbd2 c5
9.Ne5 Bh7 10.e4 a5 11.a4 Na6 12.Qe2 Nb4 13.Rac1 Rc8 14.f4 Re8 15.Kh1 Bf8
16.g4 Nd7 17.Nxd7 Qxd7 18.g5 Qd8 19.gxh6 g6 20.Bg7 Bxg7 21.hxg7 Kxg7 22.Nf3 Rh8
23.Ng5 Bg8 24.Qg4 Rc6 25.Rg1 Rh6 26.Bf3 dxe4 27.dxe4 Rd6 28.Rg2 Rd2 29.Rd1 Rxd1+
30.Bxd1 f6 31.c3 Nc6 32.Nh3 f5 33.Qf3 Rxh3 34.Qxh3 Qxd1+ 35.Rg1 Qxb3 36.Qg3 Bf7
37.e5 Qxa4 38.h4 Qe4+ 39.Kh2 Ne7 40.Re1 Qc2+ 41.Kh3 Nd5  0-1

[Event "Fencible Masters"]
[Site "Fencible"]
[Date "1997.??.??"]
[Round "9"]
[White "Smith, Robert W"]
[Black "Levi, Eddy"]
[Result "1-0"]
[WhiteElo "2300"]
[BlackElo "2260"]

1.Nf3 d5 2.g3 c6 3.Bg2 Nf6 4.O-O Bg4 5.d3 Nbd7 6.Nbd2 e5 7.e4 Bd6 8.h3 Bh5
9.c3 O-O 10.Qc2 Nc5 11.Re1 Re8 12.b4 dxe4 13.dxe4 Ne6 14.Nc4 Bxf3 15.Bxf3 Bc7
16.Rd1 Qe7 17.a4 Red8 18.Be3 b6 19.Bg2 Ne8 20.Bf1 f6 21.h4 Nd6 22.Nxd6 Rxd6
23.Rxd6 Bxd6 24.Bc4 Kf8 25.Qa2 Nc7 26.Qe2 Qe8 27.a5 b5 28.Bb3 Qg6 29.Rd1 Ne8
30.Qf3 h5 31.Rd2 Ke7 32.Bd1 Qf7 33.Qxh5 Qc4 34.Qg6 Rd8 35.Bh5 Kd7 36.Bxa7 Kc8
37.Qf7 Qxe4 38.Bg6 Qg4 39.Bb6 Nc7 40.Rxd6  1-0

[Event "FIN-chT 9697 Division-C"]
[Site "FIN"]
[Date "1997.??.??"]
[Round "4.1"]
[White "Vooremaa, Andres"]
[Black "Lipsanen, Esa"]
[Result "1/2-1/2"]
[WhiteElo "2270"]
[BlackElo "2240"]

1.Nf3 d5 2.g3 c6 3.Bg2 Bg4 4.d3 Nd7 5.Nbd2 Ngf6 6.h3 Bh5 7.O-O e5 8.e4 dxe4
9.dxe4 Be7 10.b3 O-O 11.Bb2 Qc7 12.Qe1 Rfe8 13.Nh4 Bf8 14.Nf5 Rad8 15.Nc4 b5
16.Qa5 Qb8 17.Nce3 Nc5 18.f3 Ne6  1/2-1/2

[Event "FIN-chT 9798"]
[Site "Finland"]
[Date "1997.??.??"]
[Round "3"]
[White "Jouhki, Yrjo Markus"]
[Black "Kekki, Petri"]
[Result "1-0"]
[WhiteElo "2265"]
[BlackElo "2255"]

1.Nf3 d5 2.g3 c5 3.Bg2 Nc6 4.d3 Bg4 5.O-O Nf6 6.Nbd2 e6 7.e4 dxe4 8.dxe4 Nd4
9.h3 Nxf3+ 10.Nxf3 Qxd1 11.Rxd1 Bh5 12.Re1 Bxf3 13.Bxf3 e5 14.Be2 Bd6 15.Bc4 O-O
16.a4 Bc7 17.Bd2 Rad8 18.Bc3 Rfe8 19.Kg2 Re7 20.a5 Ne8 21.Bd5 Rb8 22.Bd2 Nf6
23.Bc4 Rd7 24.Bc3 Rdd8 25.Kf3 Kf8 26.Ke3 g6 27.Red1 Ke7 28.Rxd8 Rxd8 29.Ra3 Rb8
30.Rb3 Nd7 31.Ra3 f6 32.Bd5 Nf8 33.Bd2 Ne6 34.c3 Ng5 35.h4 Nf7 36.Ke2 Nd8
37.Be3 Bd6 38.h5 g5 39.Rb3 Kd7 40.Rb5 b6 41.axb6 Rxb6 42.Rb3 Nc6 43.Kd3 h6
44.Kc2 Kc7 45.g4 Be7 46.Ra3 a6 47.Ra4 Nb8 48.Bc4 Kb7 49.b4 Nd7 50.Ra5 Kc6
51.Bd5+ Kc7 52.bxc5 Rb5 53.Rxa6 Bxc5 54.c4 Rb6 55.Ra7+ Kc8 56.Bxc5 Nxc5 57.Rh7 Ra6
58.Rxh6 Ra2+ 59.Kc3 Rxf2 60.Rh8+ Kc7 61.h6 Rf3+ 62.Kb4 Kb6 63.Rb8+ Kc7 64.Ra8 Kb6
65.Rb8+ Kc7 66.h7 Na6+ 67.Kb5 Rb3+ 68.Kxa6 Rxb8 69.Bg8 Kc6 70.Ka5 Kc5 71.Ka4  1-0

[Event "FIN-chT 9798"]
[Site "Finland"]
[Date "1997.??.??"]
[Round "4"]
[White "Karttunen, Mika"]
[Black "Pikler, Tamas"]
[Result "1-0"]
[WhiteElo "2205"]
[BlackElo "2075"]

1.Nf3 d5 2.g3 c6 3.Bg2 Bf5 4.d3 Nf6 5.Nbd2 Nbd7 6.O-O e6 7.Qe1 Bc5 8.e4 dxe4
9.dxe4 Bg6 10.Nh4 Qc7 11.Nb3 Bb6 12.Kh1 O-O-O 13.a4 a6 14.f4 Rhe8 15.Nxg6 hxg6
16.e5 Ng4 17.Bf3 Nh6 18.a5 Ba7 19.Nd2 Nf5 20.Nc4 Kb8 21.g4 Nd4 22.Be3 f6
23.Bxd4 Bxd4 24.c3 Ba7 25.Rd1 g5 26.Nd6 Re7 27.exf6 gxf6 28.Nf5 Rh7 29.Qxe6 Rdh8
30.h4 Qxf4 31.h5 Ne5 32.Nd4 Nxf3 33.Rxf3 Qe5 34.Qxe5+ fxe5 35.Ne6 e4 36.Rf6 e3
37.Kg2 Re7 38.Nxg5 Rg8 39.Rf5 Reg7 40.h6 Rg6 41.h7 Rh8 42.Rdf1 e2 43.Rf8+ Kc7
44.Rxh8 exf1=Q+ 45.Kxf1  1-0

[Event "FRA-chT9697 groupe B"]
[Site "France"]
[Date "1997.??.??"]
[Round "1"]
[White "Leski, Marc"]
[Black "Daurelle, Herve"]
[Result "0-1"]
[WhiteElo "2425"]
[BlackElo "2245"]

1.Nf3 d5 2.g3 Bg4 3.Bg2 Nd7 4.d4 c6 5.O-O Ngf6 6.Nbd2 e6 7.Re1 Be7 8.e4 O-O
9.h3 Bxf3 10.Qxf3 Qb6 11.c3 c5 12.exd5 Nxd5 13.dxc5 Nxc5 14.Ne4 Rac8 15.h4 Nxe4
16.Qxe4 Bf6 17.a3 Qb3 18.Bf1 b5 19.Bd3 g6 20.a4 b4 21.Bc2 Qc4 22.Qxc4 Rxc4
23.Bb3 Rg4 24.c4 Ne7 25.a5 Rd8 26.Ra4 Nc6 27.a6 Rgd4 28.Kf1 h5 29.Ra2 Rd3
30.Ba4 b3 31.Ra3 Nd4 32.Be3 Nc2 33.Rxb3 Rxb3 34.Bxb3 Nxe1 35.Kxe1 Bxb2 36.Bxa7 Ra8
37.Bb6 Rxa6 38.c5 Bd4 39.Ke2 Ra3 40.Kd3 Bxc5  0-1

[Event "FRA-chT9697 groupe A"]
[Site "France"]
[Date "1997.??.??"]
[Round "2"]
[White "Roos, Daniel"]
[Black "Marciano, David"]
[Result "1/2-1/2"]
[WhiteElo "2415"]
[BlackElo "2485"]

1.Nf3 d5 2.g3 Bg4 3.Bg2 c6 4.c4 e6 5.Qb3 Qb6 6.Qc2 Nd7 7.cxd5 cxd5 8.O-O Ngf6
9.d3 Bc5 10.Nbd2 Bd6 11.Nb3 e5 12.e4 O-O 13.h3 Rac8 14.Qe2 Bxf3 15.Bxf3 dxe4
16.dxe4 Nc5 17.Be3 Qb4  1/2-1/2

[Event "FRA-chT9697 groupe A"]
[Site "France"]
[Date "1997.??.??"]
[Round "2"]
[White "Giffard, Nicolas"]
[Black "Flear, Glenn C"]
[Result "1-0"]
[WhiteElo "2405"]
[BlackElo "2485"]

1.Nf3 d5 2.g3 Nc6 3.d4 Bg4 4.Nbd2 e6 5.Bg2 Nf6 6.O-O Be7 7.c3 O-O 8.Re1 Bh5
9.Qb3 Rb8 10.e4 b5 11.exd5 exd5 12.Ne5 Na5 13.Qc2 Rb6 14.f4 Bg4 15.f5 g6
16.fxg6 fxg6 17.Nxg4 Nxg4 18.Nf3 Nc4 19.Qe2 Re8 20.b3 Nd6 21.Qe6+  1-0

[Event "FRA-chT9697 groupe B"]
[Site "France"]
[Date "1997.??.??"]
[Round "3"]
[White "Otwinowska, Ania"]
[Black "Mapelle, Sylvie"]
[Result "1/2-1/2"]
[WhiteElo "1970"]
[BlackElo "1790"]

1.Nf3 d5 2.g3 Nf6 3.Bg2 Bf5 4.c4 c6 5.O-O Nbd7 6.d4 h6 7.b3 e6 8.Re1 Bd6
9.Bb2 O-O 10.Nbd2 b6 11.Ne5 Rc8 12.f3 c5 13.e4 Bh7 14.cxd5 exd5 15.exd5 cxd4
16.Nc6 Qc7 17.Rc1 Nc5 18.b4 Nd3 19.Ne7+ Qxe7 20.Rxe7 Nxb2 21.Qe1 Nd3 22.Rxc8 Nxe1
23.Rxf8+ Kxf8 24.Rxe1 Bxb4 25.Rd1 Bc2 26.Rc1 d3 27.Nc4 Nxd5 28.f4 Bc5+ 29.Kh1 Ne3
30.Nxe3 Bxe3 31.Rf1 d2 32.Bf3 Bd3 33.Ra1 a5 34.a4 Ke7 35.Kg2 Kd6 36.Ra3 Be4
37.Ra1 Bd3 38.Ra3 Be4 39.Bxe4 d1=Q 40.Rd3+ Qxd3 41.Bxd3 Bc5 42.Kf3  1/2-1/2

[Event "Franfurt CC Ordix"]
[Site "Frankfurt"]
[Date "1997.??.??"]
[Round "2"]
[White "Hirsch, Stefan"]
[Black "Chernin, Alexander"]
[Result "0-1"]
[WhiteElo "2240"]
[BlackElo "2635"]

1.Nf3 d5 2.g3 c6 3.Bg2 Bg4 4.O-O e6 5.d3 Bd6 6.e4 Ne7 7.Nbd2 Nd7 8.c3 O-O
9.Re1 Bc7 10.d4 Re8 11.exd5 cxd5 12.Nf1 Nc6 13.h3 Bh5 14.N1h2 b5 15.a3 a5
16.Bf1 Qb8 17.a4 b4 18.Bb5 Qb7 19.cxb4 axb4 20.Be3 Bd6 21.Rc1 Na7 22.Bxd7 Qxd7
23.b3 Nc6 24.Qc2 Rec8 25.Qb2 f6 26.Bd2 Rc7 27.Kg2 Rac8 28.Ng4 Bg6 29.Ne3 Be4
30.Nf1 e5 31.dxe5 Nxe5  0-1

[Event "Frydek-Mistek op-A"]
[Site "Frydek-Mistek"]
[Date "1997.??.??"]
[Round "4"]
[White "Jirovsky, Pavel"]
[Black "Berezjuk, Sergej"]
[Result "1/2-1/2"]
[WhiteElo "2360"]
[BlackElo "2410"]

1.Nf3 d5 2.g3 Bg4 3.Bg2 Nd7 4.d4 e6 5.O-O Bd6 6.c4 c6 7.Qb3 Rb8 8.Nc3 Ngf6
9.Bf4 Bxf4 10.gxf4 O-O 11.e3 Bxf3 12.Bxf3 Nb6 13.c5 Nc8 14.Qc2 Ne7 15.Kh1 Nd7
16.Bg4 Kh8 17.Rg1 g6 18.b4 Nf5 19.b5 Nf6 20.Be2 cxb5 21.Nxb5 a6 22.Nc3 b6
23.Na4 b5 24.Nc3 Ne7 25.Rab1 Nc6 26.Bd3 Na5 27.Rb4 Qc7 28.Rgb1 Nc4 29.Qe2 Kg7
30.R4b3 Na5 31.R3b2 Nc6 32.a3 h6 33.Na2 Ne4 34.f3 Nf6 35.Nb4 Nxb4 36.axb4 Qc8
37.Ra2 Ne8 38.Rba1 Nc7 39.Rg1 Qd7 40.Qc2 Qe8 41.Qd1 Rg8 42.Rag2 Kh8 43.Qc1 Rg7
44.Qe1 Qe7 45.Rg3 Rbg8 46.Rh3 Rh7 47.Rhg3 Rhg7 48.Rh3 Rh7 49.Rhg3  1/2-1/2

[Event "Gent op"]
[Site "Gent"]
[Date "1997.??.??"]
[Round "4"]
[White "Niermann, Michael"]
[Black "Eliet, Nicolas"]
[Result "0-1"]
[WhiteElo "2265"]
[BlackElo "2350"]

1.Nf3 d5 2.g3 c6 3.Bg2 Bg4 4.c4 e6 5.O-O Nd7 6.d3 Ngf6 7.Be3 Bc5 8.Bxc5 Nxc5
9.b4 Ncd7 10.Qb3 O-O 11.Nc3 Qe7 12.a4 a5 13.b5 Bxf3 14.Bxf3 Ne5 15.Bg2 dxc4
16.dxc4 Qc5 17.Rfc1 Rad8 18.Ne4 Nxe4 19.Bxe4 Rd4 20.Bg2 Rfd8 21.e3 Rd3 22.Rc3 h5
23.bxc6 Rxc3 24.Qxc3 bxc6 25.Bf1 h4 26.Be2 Ng6 27.Rb1 Qf5 28.Rd1 Rxd1+ 29.Bxd1 Qb1
30.Qc2 Qb4 31.Kf1 c5 32.gxh4 Nxh4 33.Qe4 Nf5 34.Kg2 g6 35.Qf4 Qd2 36.Bg4 Nd6
37.h4 Qd3 38.h5 Qxc4 39.Qxd6 Qxg4+ 40.Kf1 Qc4+ 41.Ke1 Qc3+ 42.Kf1 gxh5 43.Qd8+ Kh7
44.Qc7 Qc4+ 45.Ke1 Qc1+ 46.Ke2 Qc2+ 47.Ke1 Qf5 48.Qxa5 h4 49.Qc7 h3 50.Qg3 Qh5
51.Qh2 c4 52.Kd2 Qd5+ 53.Kc3 Qg2 54.Qf4 h2 55.Qh4+ Kg6  0-1

[Event "Oberliga Sued W9697"]
[Site "GER"]
[Date "1997.??.??"]
[Round "?"]
[White "Zimmer, Ralph"]
[Black "Behling, Robert"]
[Result "1-0"]
[WhiteElo "2250"]
[BlackElo "2280"]

1.Nf3 d5 2.g3 c6 3.Bg2 Bg4 4.d3 Nd7 5.Nbd2 e6 6.O-O Ngf6 7.b3 Be7 8.Bb2 O-O
9.e4 a5 10.a3 Ne8 11.h3 Bh5 12.g4 Bg6 13.Qe2 Nc7 14.Rfe1 h5 15.Nf1 hxg4 16.hxg4 Bf6
17.e5 Be7 18.Ng3 f5 19.gxf5 Bxf5 20.Nd4 g6 21.Bf3 Rf7 22.Kg2 Nf8 23.Rh1 Rh7
24.Bg4 Bh4 25.f4 c5 26.Bxf5 gxf5 27.Ndxf5 exf5 28.Nxf5 Nfe6 29.Qg4+ Kf7 30.Rxh4 Rxh4
31.Nxh4 Qh8 32.Qf5+ Ke8 33.Ng6 Qg7 34.Kf3 Kd7 35.Rh1 Rg8 36.Rh7 Qxh7 37.Nf8+ Rxf8
38.Qxh7+ Kc8 39.Kg3 Rxf4 40.Bc1 Rf1 41.Be3 d4 42.Bd2 b6 43.Qe4 Ra1 44.Qc6 Rxa3
45.Qxb6 a4 46.bxa4 Rxa4 47.Qb3 Ra1 48.Qb2 Ra4 49.Qb3 Ra1 50.Kf2 Ra6 51.Ke2 Ra1
52.Be1 Ra6 53.Bh4 Kd7 54.Qb7 Ra2 55.Kd2 Ra1 56.Bf6 Ra2 57.Qb1 Ra4 58.Qh1 Ra8
59.Qh7+ Kc6 60.Be7 Nd5 61.Qh6 Kd7 62.Bxc5 Rg8 63.Bxd4 Rg2+ 64.Kc1 Nb4 65.Qh7+ Kc8
66.Qe7 Nxd4 67.Qxb4 Nxc2 68.Qc5+  1-0

[Event "Bundesliga 9697"]
[Site "Germany"]
[Date "1997.??.??"]
[Round "?.4"]
[White "Vaganian, Rafael A"]
[Black "Thesing, Matthias"]
[Result "1-0"]
[WhiteElo "2585"]
[BlackElo "2430"]

1.Nf3 d5 2.g3 c6 3.Bg2 Bg4 4.O-O Nd7 5.d3 Ngf6 6.Nbd2 e5 7.e4 dxe4 8.dxe4 Bc5
9.h3 Bh5 10.Qe1 Bxf3 11.Nxf3 O-O 12.b4 Bd6 13.Rb1 b5 14.Nh4 a5 15.a3 Re8
16.Nf5 Bf8 17.Qe2 axb4 18.axb4 Ra2 19.Qd3 Nb6 20.Bg5 Qxd3 21.cxd3 Nfd7 22.Rfc1 h6
23.Be3 Rc8 24.Rb3 Na4 25.d4 Rb2 26.Rxb2 Nxb2 27.Bf1 Rb8 28.Rxc6  1-0

[Event "Bundesliga 9697"]
[Site "Germany"]
[Date "1997.??.??"]
[Round "?.4"]
[White "Mowsziszian, Karen"]
[Black "Pichler, Juergen"]
[Result "1/2-1/2"]
[WhiteElo "2490"]
[BlackElo "2400"]

1.Nf3 d5 2.g3 Nf6 3.Bg2 g6 4.O-O Bg7 5.d3 O-O 6.c3 a5 7.a4 Nc6 8.Nbd2 e5
9.e4 dxe4 10.dxe4 b6 11.Re1 Nd7 12.Nb3 Bb7 13.Bg5 Qe8 14.Bh3 Nf6 15.Nbd2 h6
16.Bxf6 Bxf6 17.Nc4 Rd8 18.Qb3 Rd3 19.Ne3 Nb4 20.Qc4 Rxe3 21.Rxe3 Nc2 22.Qxc7 Qc6
23.Qxc6 Bxc6 24.Rd1 Nxe3 25.fxe3 Bxa4 26.Rd5 Kg7 27.Bd7 Bc2 28.Nd2 h5 29.Kf2 Rd8
30.Ke2 Kf8 31.Bb5 Rxd5 32.exd5 e4 33.Bc4 Be5 34.Bb3 Bd3+ 35.Kd1 f5 36.Bc4 Bxc4
37.Nxc4 Bc7 38.d6 Bd8 39.Ne5 g5 40.Nc6 Ke8 41.Nd4 Kd7 42.Nxf5 Bf6 43.h3 Be5
44.Kc2 a4 45.g4 hxg4 46.hxg4 Bxd6 47.b3 axb3+ 48.Kxb3 Bc5 49.Nd4 b5 50.Kc2 b4
51.cxb4 Bxb4 52.Kb3 Bd2 53.Nf5 Ke6 54.Kc2 Ba5 55.Kd1  1/2-1/2

[Event "Bundesliga 9697"]
[Site "Germany"]
[Date "1997.??.??"]
[Round "?.4"]
[White "Mowsziszian, Karen"]
[Black "Chandler, Murray G"]
[Result "0-1"]
[WhiteElo "2490"]
[BlackElo "2555"]

1.Nf3 d5 2.g3 c5 3.Bg2 Nc6 4.O-O e5 5.d3 Nf6 6.Na3 Be7 7.e4 O-O 8.c3 dxe4
9.dxe4 Qxd1 10.Rxd1 Be6 11.Bg5 Rfd8 12.Nd2 Rd7 13.Ndc4 Rad8 14.Re1 h6 15.Bxf6 Bxf6
16.Ne3 Ne7 17.h4 h5 18.Bf3 g6 19.Be2 a6 20.Nac2 Bg7 21.a4 Rd2 22.Red1 Bb3
23.Kf1 Nc6 24.Rxd2 Rxd2 25.Na3 Rxb2 26.Nac4 Ra2 27.Rb1 Bxa4 28.Nb6 Na5 29.Nbc4 Bb5
30.Bd3 Bh6 31.Rd1 Nb3 32.Kg1 Bxe3 33.fxe3  0-1

[Event "Bundesliga 9798"]
[Site "Germany"]
[Date "1997.??.??"]
[Round "?.4"]
[White "Roos, Daniel"]
[Black "Mueller, Matthias"]
[Result "1-0"]
[WhiteElo "2420"]
[BlackElo "2400"]

1.Nf3 d5 2.g3 Nf6 3.Bg2 c5 4.O-O Nc6 5.d4 e6 6.c4 dxc4 7.Qa4 Bd7 8.dxc5 Na5
9.Qa3 b6 10.b4 Nc6 11.Bg5 a5 12.b5 Na7 13.Ne5 Bxc5 14.Qb2 Bxb5 15.Nc3 Bd4
16.Bxa8 Bxe5 17.Bg2 O-O 18.Rad1 Qe7 19.Qc2 Bc6 20.Ne4 Bxe4 21.Bxe4 Qc5 22.Be3 Qc7
23.a4 Nxe4 24.Qxe4 f5 25.Qc2 Nc8 26.Bd4 Ne7 27.Bxe5 Qxe5 28.Qxc4 Nd5 29.e3 h6
30.Rd4 Rf7 31.Qd3 Rc7 32.Rc4 Rxc4 33.Qxc4 Kf7 34.Rc1 Qb2 35.h4 h5 36.Qc8 Qa2
37.Qc6 Qb2 38.Rc2 Qb1+ 39.Kg2 Qb3 40.Qd7+ Kf6 41.Rc6 Ne7 42.Qd4+  1-0

[Event "BL2-W9798"]
[Site "Germany"]
[Date "1997.??.??"]
[Round "?.1"]
[White "Brunner, Lucas"]
[Black "Klovans, Janis"]
[Result "1/2-1/2"]
[WhiteElo "2465"]
[BlackElo "2465"]

1.Nf3 d5 2.g3 Nf6 3.Bg2 e6 4.O-O Be7 5.d4 b5 6.b3 Bb7 7.c4 dxc4 8.bxc4 bxc4
9.Qa4+ Nbd7 10.Ne5 Bxg2 11.Kxg2 O-O 12.Nc6 Qe8 13.Nxe7+ Qxe7 14.Ba3 c5 15.Qxc4 Rfc8
16.Rc1 Qe8 17.dxc5 Nxc5 18.Bxc5 Qc6+ 19.f3 Nd7 20.Nd2 Qxc5 21.Qxc5 Nxc5 22.Rc4 Rd8
23.Nf1 Nd7 24.Rc7 Nb6 25.Rac1 Kf8 26.Rb7 Rd7 27.Rxd7 Nxd7 28.Rc7 Ke7 29.Ne3 Kd6
30.Rb7 Kc6 31.Rb2 Nb6 32.Rc2+  1/2-1/2

[Event "BL2-W9798"]
[Site "Germany"]
[Date "1997.??.??"]
[Round "?.3"]
[White "Kengis, Edvins"]
[Black "Baumhus, Reinhard"]
[Result "1-0"]
[WhiteElo "2590"]
[BlackElo "2330"]

1.Nf3 d5 2.g3 Nc6 3.d4 Bf5 4.Bg2 Nb4 5.Na3 e6 6.O-O Nf6 7.Ne5 a5 8.c3 Na6
9.Qb3 Qc8 10.Bg5 Be7 11.c4 Nb4 12.cxd5 a4 13.Qd1 exd5 14.Qd2 c6 15.Bxf6 gxf6
16.Nf3 h5 17.Nh4 Be6 18.Nb1 Qb8 19.a3 Na6 20.e4 dxe4 21.Bxe4 Qd6 22.Nc3 Nc5
23.Rad1 Nb3 24.Qe3 Ra5 25.d5 cxd5 26.Bxd5 Qe5 27.Bxe6 Qxe6 28.Qf3 f5 29.Rfe1 Nd4
30.Qf4  1-0

[Event "Bundesliga 9697"]
[Site "Germany"]
[Date "1997.??.??"]
[Round "?.5"]
[White "Maiwald, Jens Uwe"]
[Black "Meins, Gerlef"]
[Result "1/2-1/2"]
[WhiteElo "2495"]
[BlackElo "2465"]

1.Nf3 d5 2.g3 c6 3.Bg2 Bg4 4.O-O Nd7 5.d4 e6 6.Nbd2 Ngf6 7.Re1 Be7 8.e4 dxe4
9.Nxe4 Nxe4 10.Rxe4 Nf6 11.Re1 O-O 12.c3 Qb6 13.Qb3 Qxb3 14.axb3 Bxf3 15.Bxf3 Rfd8
16.h4 h5 17.Bg5 g6 18.b4 a6 19.Ra5 Rd7 20.Kg2 Kg7 21.Re2 Rc8 22.Ra1 Bd6 23.Bd2 Be7
24.Bg5 Bd6  1/2-1/2

[Event "BL2-W9798"]
[Site "Germany"]
[Date "1997.??.??"]
[Round "?.3"]
[White "Schiffer, Kai Uwe"]
[Black "Ziegler, Ari"]
[Result "0-1"]
[WhiteElo "2350"]
[BlackElo "2440"]

1.Nf3 d5 2.g3 c6 3.Bg2 Bg4 4.O-O Nd7 5.d3 e5 6.c4 dxc4 7.dxc4 Bc5 8.Nc3 Ngf6
9.Na4 Be7 10.Qc2 b5 11.Nc3 Rc8 12.Be3 a6 13.Rfd1 Qc7 14.Ne4 O-O 15.h3 Be6
16.Nxf6+ Nxf6 17.cxb5 axb5 18.Bc5 Bd5 19.Nd2 Bxc5 20.Qxc5 e4 21.Qe3 Qe5 22.b4 Ra8
23.a3 Qe6 24.f3 exf3 25.Qxe6 fxe6 26.Bxf3 e5 27.Bxd5+ cxd5 28.Nf3 Rfe8 29.Kg2 d4
30.Rdc1 Ne4 31.Rc7 Ra6 32.Rb7 Nc3 33.Kf1 Rf6 34.Ke1 d3 35.Rc1 Nxe2 36.Rcc7 Rxf3
37.Rxg7+ Kf8 38.Rxh7 Rxg3 39.Rh8+ Rg8 40.Rhh7 Rg1+ 41.Kd2 Nf4 42.Rh8+ Rg8
43.Rhh7 Rg2+ 44.Ke3 Kg8  0-1

[Event "BL2-W9798"]
[Site "Germany"]
[Date "1997.??.??"]
[Round "?.4"]
[White "Schiffer, Kai Uwe"]
[Black "Fleck, Juergen"]
[Result "1/2-1/2"]
[WhiteElo "2350"]
[BlackElo "2375"]

1.Nf3 d5 2.g3 Bg4 3.Bg2 Nd7 4.c4 c6 5.cxd5 cxd5 6.Qb3 Nc5 7.Qa3 e6 8.d4 Nd7
9.Qb3 Qb6 10.Nc3 Qxb3 11.axb3 a6 12.O-O Ngf6 13.Ne5 Bf5 14.Bf4 Bb4 15.Nxd7 Nxd7
16.Na2 Ba5 17.Nc3 Bb4 18.Na2  1/2-1/2

[Event "BL2-W9798"]
[Site "Germany"]
[Date "1997.??.??"]
[Round "?.4"]
[White "Siebrecht, Sebastian"]
[Black "Kamp, Christoph"]
[Result "1/2-1/2"]
[WhiteElo "2370"]
[BlackElo "2315"]

1.Nf3 d5 2.g3 Nf6 3.Bg2 e6 4.O-O Be7 5.c4 O-O 6.d4 dxc4 7.Nc3 Nc6 8.e4 Rb8
9.Be3 b5 10.d5 b4 11.dxc6 bxc3 12.bxc3 Qxd1 13.Rfxd1 Nxe4 14.Bxa7 Rb2 15.Bd4 Bf6
16.Ne5 Nxf2 17.Rf1 Nd3 18.Nxc4 Bxd4+ 19.cxd4 Rb4 20.Rf3 Rxc4 21.Rxd3 Ba6
22.Ra3 Bb5 23.Ra7 Bxc6 24.Rxc7 Bd5 25.Rxc4 Bxc4 26.Kf2 Rb8 27.a4 Rb2+ 28.Kg1 Kf8
29.a5 Ba6 30.d5 exd5 31.Bxd5 Rd2 32.Bf3 h6 33.Rc1 Ra2 34.Rc5 Ra1+ 35.Kf2 Ra2+
36.Kg1 Ra1+ 37.Kf2 Ra2+ 38.Kg1 Ra1+ 39.Kg2 Ra2+ 40.Kg1 Ra1+ 41.Kg2 Ra2+  1/2-1/2

[Event "Bundesliga 9697"]
[Site "Germany"]
[Date "1997.??.??"]
[Round "?.4"]
[White "Beckemeier, Werner"]
[Black "Bosch, Jeroen"]
[Result "1/2-1/2"]
[WhiteElo "2365"]
[BlackElo "2425"]

1.Nf3 d5 2.g3 c6 3.Bg2 Bg4 4.O-O Nd7 5.d3 e6 6.Nbd2 Bd6 7.e4 Ne7 8.h3 Bh5
9.Qe1 O-O 10.Nh2 Bc7 11.f4 f6 12.Ndf3 Bf7 13.Kh1 dxe4 14.dxe4 e5 15.f5 Bc4
16.Rf2 Bb6 17.Bf1  1/2-1/2

[Event "Bundesliga 9697"]
[Site "Germany"]
[Date "1997.??.??"]
[Round "?.4"]
[White "Appel, Ralf"]
[Black "Wells, Peter K"]
[Result "1-0"]
[WhiteElo "2495"]
[BlackElo "2495"]

1.Nf3 d5 2.g3 c6 3.Bg2 Bg4 4.O-O Nd7 5.d3 e6 6.Nbd2 Bd6 7.h3 Bh5 8.e4 Ne7
9.Qe1 O-O 10.Kh1 Kh8 11.Nh2 Qc7 12.f4 f6 13.d4 Qb6 14.Nhf3 c5 15.e5 fxe5
16.dxe5 Bc7 17.Rf2 Bg6 18.Nh4 Bf7 19.Nf1 Bd8 20.c4 d4 21.Be4 Nc6 22.Nf3 Bg6
23.Bxg6 hxg6 24.N1d2 Ne7 25.Ne4 Nf5 26.Kh2 Qc6 27.Bd2 Be7 28.Neg5 Kg8 29.g4 Nh6
30.Qe4 Qxe4 31.Nxe4 a6 32.a4 Nf7 33.Kg3 Rae8 34.h4 Nd8 35.Rh1 Nc6 36.Rfh2 Nb6
37.b3 d3 38.Nfg5 Nd4 39.h5 Ne2+ 40.Kf3 Nd7 41.Nxe6 Nxe5+ 42.Kg2 Nxg4 43.Rh3 Bd6
44.hxg6 Nh6 45.f5 Bf4 46.Nxf8 Rxe4 47.Ne6 Bxd2 48.Rxd3 Ba5 49.Rd7 Nxf5 50.Rf7 Nf4+
51.Nxf4 Rxf4 52.Rh8+  1-0

[Event "Bundesliga 9697"]
[Site "Germany"]
[Date "1997.??.??"]
[Round "?.3"]
[White "Smejkal, Jan"]
[Black "King, Daniel J"]
[Result "1-0"]
[WhiteElo "2505"]
[BlackElo "2535"]

1.Nf3 d5 2.g3 c6 3.Bg2 Bg4 4.O-O Nd7 5.d4 e6 6.Nbd2 Ngf6 7.Re1 Be7 8.e4 O-O
9.c3 Rc8 10.Qb3 Qc7 11.e5 Ne8 12.Nf1 c5 13.Bg5 Bxg5 14.Nxg5 cxd4 15.cxd4 Nb8
16.Ne3 Bh5 17.Qa3 Bg6 18.Bxd5 Qd7 19.Bg2 Qxd4 20.Rad1 Qb6 21.Ne4 Na6 22.Rc1 Rxc1
23.Rxc1 Nec7 24.Nd6 Nb5 25.Qb3 Nxd6 26.Qxb6 axb6 27.exd6 Rd8 28.Nc4 f6 29.Bxb7 Nc5
30.Bc6 Nd3 31.Rd1 e5 32.d7 Kf8 33.Nd6 Nc5 34.b4 Ne6 35.Nb7 Ke7 36.Nxd8 Kxd8
37.a4 Nd4 38.b5 Bc2 39.Ra1 Bf5 40.a5 Bxd7 41.Bxd7 Kxd7 42.a6  1-0

[Event "Bundesliga 9697"]
[Site "Germany"]
[Date "1997.??.??"]
[Round "?.3"]
[White "Smejkal, Jan"]
[Black "Chandler, Murray G"]
[Result "1-0"]
[WhiteElo "2505"]
[BlackElo "2555"]

1.Nf3 d5 2.g3 c5 3.Bg2 Nc6 4.d4 e6 5.O-O Nf6 6.c4 Be7 7.cxd5 exd5 8.Nc3 O-O
9.Bf4 Be6 10.dxc5 Bxc5 11.Rc1 Rc8 12.Ne5 Qe7 13.Nd3 Bb6 14.Bg5 Rfd8 15.Nf4 h6
16.Bxf6 Qxf6 17.Nfxd5 Qg5 18.Kh1 Nb4 19.e4 Bxd5 20.exd5 Rc4 21.Qe2 Rd4 22.Rcd1 Qf5
23.a3 Na6 24.Qe7 Rxd1 25.Rxd1 Nc7 26.Qe2 Kf8 27.d6 Ne6 28.f4 Bd4 29.Nb5 Bb6
30.Bxb7 Rb8 31.Bd5 Kg8 32.Bxe6 fxe6 33.Nc3 Ba5 34.b4 Bb6 35.Qe4 Qf6 36.Na4 Rd8
37.Nxb6 axb6 38.d7 Qe7 39.Qd4 Qf7 40.Kg2 Qf5 41.Qe3 Qc2+ 42.Rd2 Qc6+ 43.Qf3 Qc1
44.Qd3 Qc6+ 45.Kh3 Kh8 46.Qd6 Qe4 47.Qe7 Qf5+ 48.Kg2 Qe4+ 49.Kf2 Qa8 50.Rc2 Kh7
51.Qxe6 Qxa3 52.Qf5+ Kh8 53.Rc8 Qa2+ 54.Kg1  1-0

[Event "Bundesliga 9697"]
[Site "Germany"]
[Date "1997.??.??"]
[Round "?.2"]
[White "Kabatianski, Alexandr"]
[Black "Rogozenko, Dorin"]
[Result "1/2-1/2"]
[WhiteElo "2440"]
[BlackElo "2530"]

1.Nf3 d5 2.g3 c6 3.Bg2 Bg4 4.c4 e6 5.cxd5 exd5 6.d3 Nd7 7.O-O Bc5 8.Qc2 Ne7
9.Nbd2 O-O 10.b3 Re8 11.Bb2 Ng6 12.e4 Ne7 13.h3 Bxf3 14.Nxf3 Ng6 15.Nd4 Bb6
16.Nf5 Ne7 17.Nxe7+ Rxe7 18.exd5  1/2-1/2

[Event "Bundesliga 9697"]
[Site "Germany"]
[Date "1997.??.??"]
[Round "?.1"]
[White "Hickl, Joerg"]
[Black "Van der Sterren, Paul"]
[Result "1/2-1/2"]
[WhiteElo "2575"]
[BlackElo "2515"]

1.g3 d5 2.Nf3 Bg4 3.Bg2 Nd7 4.d3 c6 5.O-O Ngf6 6.Nbd2 e5 7.h3 Bh5 8.e4 dxe4
9.dxe4 Be7 10.b3 O-O 11.Bb2 Re8 12.a3 Bf8 13.Re1 Qc7 14.Qc1 Rad8 15.Bc3 b5
16.Nh4 Nc5 17.Qb2 Nfd7 18.Nf5 f6 19.Nf1 Ne6 20.Bd2 Ndc5 21.Be3 Rd7 22.h4  1/2-1/2

[Event "Oberliga Nord O9697"]
[Site "Germany"]
[Date "1997.??.??"]
[Round "?"]
[White "Weber, Siegfried"]
[Black "Mueller, Werner2"]
[Result "1/2-1/2"]
[WhiteElo "2265"]
[BlackElo "2200"]

1.Nf3 d5 2.g3 Nf6 3.Bg2 g6 4.c4 d4 5.O-O Bg7 6.d3 O-O 7.b4 Re8 8.Nbd2 e5
9.Nb3 c6 10.Bb2 Qe7 11.Qd2 Na6 12.a3 Bf5 13.Rad1 Rad8 14.e4 Bc8 15.c5 b6
16.cxb6 axb6 17.Qc2 c5 18.b5 Nc7 19.a4 Be6 20.Ng5 Bxb3 21.Qxb3 Ra8 22.Ra1 Ra7
23.Nf3 Bh6 24.Bc1 Bxc1 25.Rfxc1 Rea8 26.Nd2 Nfe8 27.Nc4 Qe6 28.Qd1 Rb7 29.f4 f6
30.Qf1 Nd6 31.Bh3 Qe7 32.Nxd6 Qxd6 33.Bg4 Rba7 34.Bd1 Kg7 35.Bb3 Qd7 36.Rab1 Rf8
37.Qg2 Ne8 38.Rf1 Nd6 39.Qc2 Raa8 40.Bd5 Rab8 41.Qa2 Qc7 42.Rbc1 Qe7 43.Rce1 Qc7
44.Rc1 Qe7  1/2-1/2

[Event "BL2-S9697"]
[Site "Germany"]
[Date "1997.??.??"]
[Round "?.1"]
[White "Sokolovs, Andrei"]
[Black "Schlindwein, Rolf"]
[Result "1-0"]
[WhiteElo "2480"]
[BlackElo "2410"]

1.Nf3 d5 2.g3 Nf6 3.Bg2 e6 4.O-O Be7 5.d3 b6 6.Nbd2 Bb7 7.e4 dxe4 8.dxe4 c5
9.e5 Nd5 10.Qe2 O-O 11.Rd1 Nc6 12.a3 Qb8 13.c4 Nc7 14.Ne4 Rd8 15.Bg5 Ne8
16.Bxe7 Nxe7 17.Rxd8 Qxd8 18.Rd1 Qc8 19.Nd6 Nxd6 20.exd6 Ng6 21.b4 Bxf3 22.Qxf3 Rb8
23.d7 Qf8 24.bxc5 bxc5 25.Qc6 Rd8 26.Qc7 Qe7 27.Bc6 f6 28.Rd6 Nf8 29.Ba4 Kf7
30.Qxc5 Rb8 31.Qc7 Rd8 32.c5 e5 33.Qc6 g6 34.Qd5+ Kg7 35.c6  1-0